| 000 | 00385nam a2200097Ia 4500 | ||
|---|---|---|---|
| 008 | 180130s9999 xx 000 0 und d | ||
| 245 |
_cSun, Jide; Zhang, Peiliang _aOwner organization design for mega industrial construction projects |
||
| 260 | _c2015 | ||
| 300 | _aBook title: Industrial project management--Acession number C20535; pages 87-98 | ||
| 650 | _aPROJECT MANAGEMENT--INDUSTRIAL | ||
| 999 |
_c354239 _d354239 |
||